Statistiques concernant Prénoms les plus donnés à Paris en 2022

Cliquez ici pour prendre le quiz!

Statistiques générales

  • Ce quiz a été pris 74 fois
  • Le résultat moyen est 7 sur 20

Statistiques - réponses

RangPrénoms Filles% Correct
4eLouis
75%
3eEmma
64%
1erGabriel
51%
2eLouise
51%
10eJade
46%
5eAnna
40%
6eArthur
40%
9eChloé
40%
5eMohammed
40%
3eRaphaël
34%
4eJeanne
33%
7eRose
24%
10eLéon
22%
2eAdam
21%
8eNoah
21%
1erAlma
19%
7eIsaac
13%
6eAdèle
9%
9eGaspard
9%
8eGabrielle
6%

Distribution des résultats

Percentile par nombre de réponses

% des personnes avec chaque résultat

Votre développement - résultats

Vous n’avez pas pris ce quiz